Famous...with a Top Hat! Quiz Stats

Quiz Updated Oct 14, 2016

Challenge
Share
Tweet
Score 0/32 Timer 08:00
3 Plays Today
Row Famous... with a top hat! % Correct
2Abraham Lincoln
94%
2The Cat in the Hat
92%
1Johnny Depp
89.4%
1Betty Boop
89.1%
2Michael Jackson
88.4%
4Uncle Sam
88%
4Gene Wilder
87.9%
1Rich Uncle Pennybags
85.4%
2Mr. Peanut
83.2%
1Elton John
77.1%
3Frosty the Snowman
75.5%
2Marilyn Manson
74.3%
4Madonna
70.4%
4Leonardo DiCaprio
67.8%
4Slash
65%
3Winston Churchill
64.4%
Row Famous... with a top hat! % Correct
3Scrooge McDuck
61.1%
2Jim Carrey
58.1%
1Burgess Meredith
51.9%
1Fred Astaire
45.9%
4George Harrison
37.7%
2Harpo Marx
37.7%
1Mark Twain
32%
1W.C. Fields
24.3%
3Michigan J. Frog
20.5%
3Red Skelton
17.9%
3T-Pain
13.8%
4Marlene Dietrich
13%
2Duke Ellington
11.4%
3Josephine Baker
6.8%
3Marc Bolan
5%
4P.T. Barnum
2.3%

You're not logged in!

Compare scores with friends on all Sporcle quizzes.
Sign Up with Email
OR
Log In

You Might Also Like...

Show Comments

Extras

Top Quizzes Today


Score Distribution

Your Account Isn't Verified!

In order to create a playlist on Sporcle, you need to verify the email address you used during registration. Go to your Sporcle Settings to finish the process.

Report this User

Report this user for behavior that violates our Community Guidelines.

Details: